000
00303nam a2200121Ia 4500
008
190216s9999||||xx |||||||||||||| ||und||
100
_a
Satya P Das
245
0
_a
Introductory Macro Economics
260
_b
National Council Of Educational Research
300
_a
170
650
_a
Economics
942
_c
BK
999
_c
10833
_d
10833